000 00315nam a22001337a 4500
003 OSt
005 20160727222454.0
008 160705b xxu||||| |||| 00| 0 eng d
100 _92128
_a Eyerly, J
245 _aA Girl Like me
260 _aN.Y
_b J.B. Hippncott
_c1966
300 _aA Girl Like me
942 _2ddc
_cBK
999 _c1822
_d1822